Statistiques concernant Les Grands évènements sportifs

Cliquez ici pour prendre le quiz!

Statistiques générales

  • Ce quiz a été pris 1 804 fois
  • Le résultat moyen est 10 sur 17

Statistiques - réponses

DescriptionÉvènement% Correct
Compétition de football la plus prestigieuse que disputent les équipes nationales.Coupe du Monde de la FIFA
96%
D'hiver ou d'été, compétition multi-sportive tous les quatre ans.Jeux Olympiques
96%
Course cycliste la plus prestigieuse.Tour de France
94%
Sa finale est le match le plus prestigieux du football européen.UEFA Champions League
92%
Tournoi de Londres de Tennis.Tournoi de Wimbledon
85%
Finale du championnat de la N.F.L.Super Bowl
80%
Tournoi de rugby opposant l'Angleterre, la France, l'Écosse, l'Irlande, l'Italie et le Pays de Galles.Tournoi des Six Nations
76%
Nom que l'on donne aux internationaux de France de TennisTournoi de Roland-Garros
68%
Match annuel regroupant les meilleurs joueurs des deux conférences (Est et Ouest) de la N.B.A.All-Star Game
56%
Très longue course automobile annuelle ayant lieu en France, l'une des trois plus prestigieuses au monde.24 heures du Mans
49%
La course annuelle de Rallye créée par Thierry Sabine en 1978.Rallye Dakar
49%
L'équivalent sud-américain de la compétition précédente.Copa Libertadores
44%
Grand Prix de F1 incontournable, rejoignant les deux précédent dans la catégorie des courses automobiles les plus prestigieuses.Grand Prix de Monaco
42%
Course majeure de l'IndyCar, l'une des trois plus prestigieuses au monde avec la course précédente et la suivante.500 miles d'Indianapolis
25%
Au golf, oppose la Team Europe et la Team U.S.A.Ryder Cup
24%
L'évènement de catch annuel le plus important, organisé par la WWE.Wrestlemania
21%
Finale, au meilleur des sept rencontres, de la M.L.B.Série mondiale
8%

Distribution des résultats

Percentile par nombre de réponses

% des personnes avec chaque résultat

Votre développement - résultats

Vous n’avez pas pris ce quiz